000 00620nam a22002057a 4500
005 20230426102447.0
008 140730b xxu||||| |||| 00| 0 eng d
020 _a9780691155234
_c3227.40
040 _aLoreto College
082 _a339
_bFRY
245 _aRethinking expectations
_bThe way forward for Macroeconomics
_cEdited by Roman Frydman and Edmund S.Phelps
260 _aNew Jersey
_bPrinceton University Press
_c2013
300 _avi,432p
_b22cm
504 _aIncludes incex
650 _aMacroeconomics
700 _4ed.
_aFrydman,Roman
700 _4ed.
_aPhelps,Edmund S.
850 _aLCLIB
942 _cBK
999 _c39423
_d89902